Представление документа в формате RUSMARC

ПолеНазваниеЗначение
  Тип записи a
  Библиографический уровень a
001 Контрольный номер RU/CBS_Ul/BASE/544401190
005 Дата корректировки 20240209175211.5
100 Данные общей обработки __
a Данные общей обработки 20170401d2017 ||| 0rusy0189 ca
101 Язык документа 0_
a Язык текста rus
102 Страна публикации __
a Страна публикации RU
105 Кодированные данные (монография) __
a Кодированные данные (монография) y###||||000|y
200 Заглавие и сведения об ответственности 1_
a Заглавие Гражданин Петербург
b Общее обозначение материала Текст
e Сведения, относящиеся к заглавию [мнение общественности о передаче РПЦ Исаакиевского собора]
f Первые сведения об ответственности И. Найденов
300 Общие примечания __
a Общие примечания Ограничения по возрасту - 16+
461 Уровень набора _0
1 2000
a Русский репортер
463 Уровень физической единицы _0
1 001RU/CBS_Ul/BASE/544399769
1 2000
a № 2 (13 марта)
v С. 12-20: фото.
1 210
d 2017
606 Тематические рубрики 0_
a Основная рубрика Исаакиевский собор (Санкт-Петербург, город)
y Географическая подрубрика Санкт-Петербург, город
610 Ключевые слова 0_
a Ключевые слова соборы
a Ключевые слова православные соборы
a Ключевые слова достопримечетельности
a Ключевые слова архитектурные сооружения
a Ключевые слова достопримечательности
a Ключевые слова общественность
686 Индексы других классификаций __
a Классификационный индекс 85.113(2)
2 Код системы ББК
700 Автор _1
a Фамилия Найденов
b Имя (инициалы) И.
801 Источник записи _0
a Страна RU
b Организация МБУК ЦБС г. Ульяновска
c Дата составления 20170401
g Правила каталогизации RCR
801 Источник записи _1
a Страна RU
b Организация МБУК ЦБС г. Ульяновска
c Дата составления 20170401
g Правила каталогизации RCR
901 Тип документа __
t Тип документа b
w Контрольный № источника RU/CBS_Ul/BASE/544399769
910 Корректоры записи __
a Корректор записи Библиотека 8
938 Служебная информация __
a Имя БД period